[Event "ROM-ch U12"]
[Site "Calimanesti"]
[Date "2018.03.31"]
[Round "6"]
[White "Grosu, Tudor"]
[Black "Pop, Andrei Nicolae"]
[Result "0-1"]
[WhiteElo "1093"]
[BlackElo "1282"]
[PlyCount "72"]
[EventDate "2018.03.27"]
[EventType "swiss"]
[EventRounds "9"]
[EventCountry "ROU"]
[SourceTitle "CBM 183 Extra"]
[Source "ChessBase"]
[SourceDate "2018.04.19"]
[SourceVersion "1"]
[SourceVersionDate "2018.04.19"]
[SourceQuality "1"]

1. e4 c5 2. Nf3 a6 3. d4 cxd4 4. Nxd4 Nf6 5. Nc3 e5 6. Nf3 Bb4 7. Bd2 d6 8. Bd3 Nc6 9. 0-0 0-0 10. a3 Bxc3 11. Bxc3 Re8 12. Qe2 h6 13. h3 Be6 14. Nd2 g5 15. Nc4 b5 16. Ne3 Qd7 17. Nf5 Bxf5 18. exf5 d5 19. Rac1 d4 20. Bd2 e4 21. Bxb5 axb5 22. Qxb5 Reb8 23. Qc4 Ne5 24. Qc5 Rb5 25. Qxb5 Qxb5 26. Rb1 Nc4 27. Bb4 Qxf5 28. b3 Ne5 29. Ra1 Nh5 30. Kh2 Nf4 31. a4 Nf3+ 32. Kh1 Nxg2 33. Kxg2 Nh4+ 34. Kh2 Qf4+ 35. Kg1 Nf3+ 36. Kh1 Qh2# 0-1

[Event "ROM-ch U10"]
[Site "Calimanesti Caciulata"]
[Date "2016.04.23"]
[Round "7"]
[White "Pop, Andrei Nicolae"]
[Black "Visanescu, Dragos Nicholas"]
[Result "0-1"]
[WhiteElo "1383"]
[BlackElo "1216"]
[PlyCount "56"]
[EventDate "2016.04.18"]
[EventType "swiss"]
[EventRounds "9"]
[EventCountry "ROU"]
[SourceTitle "CBM 172 Extra"]
[Source "ChessBase"]
[SourceDate "2016.06.21"]
[SourceVersion "1"]
[SourceVersionDate "2016.06.21"]
[SourceQuality "1"]

1. e4 e5 2. Nf3 Nc6 3. Bc4 Bc5 4. 0-0 d6 5. d3 Nf6 6. Nc3 0-0 7. Bg5 h6 8. Bxf6 Qxf6 9. Nd5 Qd8 10. h3 Ne7 11. c3 c6 12. Nxe7+ Qxe7 13. b4 Bb6 14. a4 Be6 15. Bxe6 fxe6 16. a5 Bc7 17. Qc2 Qf7 18. d4 Rae8 19. Nd2 Qh5 20. f3 Rf6 21. Nb3 Rg6 22. Kh1 Bd8 23. dxe5 Bg5 24. exd6 Bf4 25. Qf2 Rg3 26. Qg1 Rxh3+ 27. gxh3 Qxh3+ 28. Qh2 Qxh2# 0-1

[Event "ROM-ch U10"]
[Site "Calimanesti Caciulata"]
[Date "2016.04.19"]
[Round "2"]
[White "Iucu, Mihai"]
[Black "Pop, Andrei Nicolae"]
[Result "1-0"]
[WhiteElo "1171"]
[BlackElo "1383"]
[PlyCount "95"]
[EventDate "2016.04.18"]
[EventType "swiss"]
[EventRounds "9"]
[EventCountry "ROU"]
[SourceTitle "CBM 172 Extra"]
[Source "ChessBase"]
[SourceDate "2016.06.21"]
[SourceVersion "1"]
[SourceVersionDate "2016.06.21"]
[SourceQuality "1"]

1. d4 d5 2. Nf3 Nf6 3. Bf4 Bf5 4. Nbd2 Nbd7 5. e3 e6 6. c3 c5 7. Be2 Be7 8. 0-0 0-0 9. h3 h6 10. Ne5 Nxe5 11. Bxe5 Bd6 12. Bxd6 Qxd6 13. dxc5 Qxc5 14. Nb3 Qd6 15. Nd4 Bg6 16. Bd3 Bxd3 17. Qxd3 Ne4 18. Ne2 Rad8 19. Rad1 e5 20. c4 Nf6 21. Rd2 Ne4 22. Rdd1 f5 23. Nc3 Nxc3 24. bxc3 Qc5 25. cxd5 b5 26. Rd2 e4 27. Qd4 Qc7 28. d6 Qd7 29. Rfd1 Rf6 30. Qc5 Kh7 31. Qc7 Qxc7 32. dxc7 Rc8 33. Rd7 Rc6 34. R1d5 Kg6 35. Rxb5 Rxc3 36. Rb7 Rc6 37. Rxa7 Kf6 38. a4 g6 39. a5 Ke6 40. Rh7 h5 41. a6 Kd6 42. Kh2 Ke5 43. Rb7 Kd5 44. a7 f4 45. exf4 e3 46. fxe3 R6xc7 47. Rhxc7 Rxc7 48. Rxc7 1-0